[Event "16th HZ Open"]
[Site "Vlissingen NED"]
[Date "2012.08.07"]
[Round "5"]
[White "Arjun,B"]
[Black "Hoffman,Ro"]
[Result "1-0"]
[WhiteElo "2261"]
[BlackElo "2082"]

1.Nf3 g6 2.c4 Bg7 3.Nc3 Nf6 4.e4 d6 5.d4 O-O 6.Be2 e5 7.O-O Nc6 8.d5 Ne7
9.Ne1 Nd7 10.Be3 f5 11.f3 f4 12.Bf2 g5 13.g4 fxg3 14.hxg3 Ng6 15.Qd2 a5 16.Be3 h6
17.Nd3 b6 18.Rf2 Nc5 19.Rh2 Rf7 20.Rf1 Bd7 21.b3 Qe7 22.Nc1 Bf8 23.a3 Be8
24.b4 axb4 25.axb4 Nd7 26.Nd3 Rh7 27.Rc1 Bg7 28.Bf1 Bf6 29.Bh3 h5 30.Be6+ Kg7
31.Ne2 h4 32.c5 bxc5 33.bxc5 Ndf8 34.cxd6 cxd6 35.Bg4 Bb5 36.gxh4 Bxd3 37.Qxd3 Nf4
38.Nxf4 gxf4 39.Bb6 Kh8 40.h5 Bh4 41.Rhc2 Bg3 42.Qe2 Qh4 43.Bc7 Rh6 44.Rc6 Qe7
45.Qb2 Nh7 46.Bb8 Rf6 47.Rc7 Rxb8 48.Qxb8+ Rf8 49.Qa7  1-0

[Event "2nd Riga Tech Open"]
[Site "Riga LAT"]
[Date "2012.08.08"]
[Round "4.5"]
[White "Malek,Da"]
[Black "Fier,A"]
[Result "0-1"]
[WhiteElo "2405"]
[BlackElo "2582"]

1.d4 Nf6 2.c4 g6 3.Nc3 Bg7 4.e4 O-O 5.Nf3 d6 6.Be2 e5 7.O-O Nc6 8.d5 Ne7
9.b4 Ne8 10.c5 f5 11.Nd2 Nf6 12.Ba3 g5 13.b5 Ng6 14.Nc4 Ne8 15.Re1 Nf4 16.Bf1 g4
17.exf5 Bxf5 18.Ne3 Bg6 19.Nxg4 Qh4 20.f3 b6 21.cxd6 Nxd6 22.Bxd6 cxd6 23.Ne4 Qe7
24.Rc1 Be8 25.Rc3 h5 26.Ne3 Bh6 27.Qc2 Bd7 28.a4 Kh8 29.Kh1 h4 30.Rd1 Nh5
31.Nc4 Ng3+ 32.Nxg3 hxg3 33.hxg3 Qg7 34.Qf2 e4 35.Rb3 Bg4 36.Re1 exf3 37.gxf3 Rf5
38.f4 Bxf4 39.Bg2 Be5 40.Qd2 Bd4 41.Ne3 Rh5+ 42.Kg1 Re8 43.Rd3 Bc5 44.Rc1 Bh3
45.Rxc5 bxc5 46.Qc3 Qxc3 47.Rxc3 Rhe5 48.Nc4 Re1+ 49.Kh2 Bg4 50.Bf3 Rf8 51.Kg2 Bxf3+
52.Rxf3 Rxf3 53.Kxf3 Rd1 54.Nxd6 Rxd5 55.Nc4 Rd4 56.Ne5 Rxa4 57.Ke3 Rd4 58.Nd3 Rd5
59.Nf4 Rd6 60.Nd3 c4 61.Ne5 Re6  0-1

[Event "Miguel Najdorf Open A"]
[Site "Warsaw POL"]
[Date "2012.08.08"]
[Round "3.22"]
[White "Sujkowski,P"]
[Black "Jarmula,L"]
[Result "0-1"]
[WhiteElo "1970"]
[BlackElo "2149"]

1.d4 Nf6 2.c4 g6 3.Nc3 Bg7 4.e4 d6 5.Nf3 O-O 6.Be2 e5 7.O-O Nc6 8.d5 Ne7
9.Ne1 Nd7 10.Nd3 f5 11.Bd2 Kh8 12.f3 f4 13.g4 Ng8 14.Be1 Bf6 15.b4 h5 16.h3 Bh4
17.Kg2 g5 18.c5 a6 19.Rc1 Bxe1 20.Qxe1 Ne7 21.Na4 Nf6 22.Nab2 Ng6 23.Bd1 Nh4+
24.Kf2 b5 25.Rg1 Qd7 26.Qc3 Qh7 27.Qe1 Bd7 28.Kf1 Be8 29.Nf2 Bg6 30.Nbd3 Nxd5
31.cxd6 Ne3+ 32.Ke2 cxd6 33.Qc3 Qd7 34.Nxe5 dxe5 35.Qxe5+ Qg7 36.Rc5 Qxe5
37.Rxe5 Bf7 38.Bb3 Bxb3 39.axb3 Rac8 40.Rc5 Rxc5 41.bxc5 a5 42.gxh5 a4 43.bxa4 bxa4
44.Ra1 Ra8 45.Ra2 a3 46.Nd3 Nc2 47.Kd2 Nd4 48.Kc3 Nhxf3 49.Nb4 Ne6 50.Kc4 Rd8
51.Nd5 Rc8 52.Rxa3 Ne5+ 53.Kc3 Rxc5+ 54.Kd2 Nc4+  0-1

[Event "38th Badalona Open A"]
[Site "Badalona ESP"]
[Date "2012.08.09"]
[Round "9.1"]
[White "Lalith,B"]
[Black "Jimenez Fraga,P"]
[Result "1-0"]
[WhiteElo "2515"]
[BlackElo "2446"]

1.d4 Nf6 2.c4 d6 3.Nf3 g6 4.Nc3 Bg7 5.e4 O-O 6.Be2 e5 7.O-O Nc6 8.d5 Ne7
9.b4 Nh5 10.g3 f5 11.Ng5 Nf6 12.Bf3 fxe4 13.Ncxe4 Nxe4 14.Nxe4 Nf5 15.Bg2 Bd7
16.c5 Bb5 17.Re1 Nd4 18.Be3 Bc4 19.Nd2 Bd3 20.Rc1 Nf5 21.Qb3 Nxe3 22.fxe3 Bf5
23.e4 Bc8 24.Rc2 Bh6 25.Nc4 Qe7 26.Na5 Rf7 27.Qd3 Qf8 28.Rf1 Rxf1+ 29.Bxf1 b6
30.Nc6 bxc5 31.bxc5 a5 32.cxd6 cxd6 33.Kg2 Ba6 34.Qd1 Bxf1+ 35.Qxf1 Qxf1+
36.Kxf1 a4 37.Ke2 Kf7 38.Rb2 Kf6 39.Rb7 a3 40.h3 Bg7 41.g4 h6 42.h4 Bf8 43.Kd3 Ra4
44.Nd8 Be7 45.g5+ hxg5 46.hxg5+ Kxg5 47.Rxe7 Rb4 48.Nf7+ Kf6 49.Ra7 Rb2 50.Nxd6 Rxa2
51.Nc4  1-0

[Event "113th US Open 2012"]
[Site "Vancouver USA"]
[Date "2012.08.09"]
[Round "4"]
[White "Polsky,Ryan P"]
[Black "Schneider,CA"]
[Result "1/2-1/2"]
[WhiteElo "1834"]
[BlackElo "2148"]

1.d4 Nf6 2.c4 g6 3.Nc3 Bg7 4.e4 d6 5.Nf3 O-O 6.Be2 e5 7.O-O Nc6 8.d5 Ne7
9.Nd2 Ne8 10.b4 f5 11.a4 Nf6 12.f3 f4 13.c5 g5 14.Nc4 Rf7 15.Ba3 Ng6 16.b5 Bf8
17.b6 dxc5 18.bxc7 Rxc7 19.d6 Rg7 20.Bxc5 h5 21.Nd5 g4 22.Bf2 gxf3 23.Bxf3 Bg4
24.Nxf6+ Qxf6 25.Bxg4 hxg4 26.Qxg4 Bxd6 27.Rfd1  1/2-1/2

[Event "II Brazil Maringa Open"]
[Site "Maringa BRA"]
[Date "2012.08.11"]
[Round "7.34"]
[White "Santos,Otavio Belegarde dos"]
[Black "Cruz,Will"]
[Result "0-1"]
[WhiteElo "1822"]
[BlackElo "2188"]

1.d4 Nf6 2.c4 g6 3.Nc3 Bg7 4.e4 d6 5.Nf3 O-O 6.Be2 e5 7.O-O Nc6 8.d5 Ne7
9.Bg5 h6 10.Bxf6 Bxf6 11.Qd2 Bg7 12.b4 f5 13.Bd3 f4 14.Ne1 g5 15.f3 h5 16.Kf2 g4
17.Ke2 Ng6 18.g3 gxf3+ 19.Nxf3 Bg4 20.Rf2 fxg3 21.hxg3 h4 22.gxh4 Nxh4 23.Raf1 Nxf3
24.Rxf3 Rxf3 25.Rxf3 Qf6  0-1

[Event "II Brazil Maringa Open"]
[Site "Maringa BRA"]
[Date "2012.08.12"]
[Round "9.14"]
[White "Barreto Filho,C"]
[Black "De Andrade,O"]
[Result "1-0"]
[WhiteElo "2279"]
[BlackElo "2110"]

1.d4 Nf6 2.c4 g6 3.Nc3 Bg7 4.e4 d6 5.Nf3 O-O 6.Be2 e5 7.O-O Nc6 8.d5 Ne7
9.Ne1 Ne8 10.Nd3 f5 11.Bd2 Nf6 12.f3 f4 13.c5 g5 14.Rc1 Ng6 15.Nb5 Rf7 16.Ba5 b6
17.cxd6 cxd6 18.Be1 Bf8 19.Nb4 a6 20.Nc6 Qd7 21.Nc3 b5 22.a4 b4 23.Nxb4 Rb8
24.Nd3 h5 25.b4 Rg7 26.Kh1 g4 27.b5 Nh7 28.bxa6 Bxa6 29.fxg4 Bxd3 30.Bxd3 hxg4
31.Bb5 Qe7 32.Qxg4 Kh8 33.Qh3 Qg5 34.Bf2 Be7 35.a5 f3 36.g3 Rf7 37.a6 Kg7
38.a7 Rh8 39.Rfe1 Nf6 40.Qxh8+ Nxh8 41.a8=Q Ng4 42.Qa2 Qh5 43.Bg1 Bg5 44.Be8 Bxc1
45.Bxf7 Nxf7 46.Rxc1 f2 47.Qe2 Ng5 48.h4 Nh3 49.Bh2 Nf4 50.Qf3 Ng6 51.Nb5 Kg8
52.Nxd6 Nf8 53.Rc8  1-0

[Event "16th Izmailov Mem"]
[Site "Tomsk RUS"]
[Date "2012.08.13"]
[Round "7.8"]
[White "Lavrov,S UKR"]
[Black "Kozlitin,R"]
[Result "1-0"]
[WhiteElo "2409"]
[BlackElo "2341"]

1.Nf3 Nf6 2.c4 g6 3.Nc3 Bg7 4.e4 d6 5.d4 O-O 6.Be2 e5 7.O-O Nc6 8.d5 Ne7
9.b4 a5 10.bxa5 Rxa5 11.a4 Nd7 12.Ba3 f5 13.Nd2 Nf6 14.Bb4 Ra8 15.c5 dxc5
16.Bxc5 fxe4 17.Ndxe4 Nxe4 18.Nxe4 Rf4 19.d6 cxd6 20.Nxd6 Be6 21.a5 Bd5 22.Nxb7 Qc7
23.Bxe7 Rd4 24.Bd6 Qxb7 25.Qb1 Qd7 26.Bc5 Rd2 27.Qb5 Bc6 28.Qc4+ Bd5 29.Qb5 Bc6
30.Qb3+ Kh8 31.Rfd1 h5 32.Be3 Rxa5 33.Rxa5 Rxe2 34.Raa1 Qc8 35.Rac1 Rxe3
36.Qxe3 Qb7 37.Qc5 Ba4 38.Qc8+ Qxc8 39.Rxc8+ Kh7 40.Ra1 Bb3 41.Ra7 Kh6 42.h4  1-0

[Event "Prva liga RS seniori 2012"]
[Site "Banja Vrucica SRB"]
[Date "2012.08.15"]
[Round "5"]
[White "Benkovic,P"]
[Black "Nestorovic,L"]
[Result "0-1"]
[WhiteElo "2408"]
[BlackElo "2383"]

1.d4 Nf6 2.Nf3 g6 3.c4 Bg7 4.Nc3 O-O 5.e4 d6 6.Be2 e5 7.O-O Nc6 8.d5 Ne7
9.Ne1 Nd7 10.Nd3 f5 11.f3 f4 12.Bd2 g5 13.Rc1 Nf6 14.c5 Rf7 15.cxd6 cxd6
16.Nf2 Ng6 17.Qb3 h5 18.h3 Bf8 19.Nb5 Rg7 20.Rc2 g4 21.fxg4 Nh4 22.Be1 hxg4
23.hxg4 Nh5 24.Nh1 Nxg2 25.Kxg2 f3+ 26.Bxf3 Nf4+ 27.Kg1 a6 28.Na3 Bxg4 29.Bxg4 Rxg4+
30.Bg3 Be7 31.Rf3 Bh4 32.Kf1 Qg5 33.Nc4 Rf8 34.Rcf2 Qg6 35.Re3 Rf7 36.Ke1 Rg7
37.Kd2 Bg5 38.Qd1 Bh6 39.b3 Nh3 40.Rf3 Qxe4 41.Kc3 Bxe3 42.Rxe3 Qg2 43.Qf3 Qxa2
44.Qf5 Qg2 45.Qe6+ Kh7 46.Qf5+ Kg8 47.Qc8+ Kh7 48.Qf5+ Kh6 49.Qf6+ Kh5 50.Qxd6 Qxh1
51.Qxe5+ Ng5 52.Kb4 Kh6 53.Qd6+ Kh7 54.Re2 Ne4 55.Qb8 Rxg3 56.d6 a5+ 57.Nxa5 R3g4
58.Nc4 Qh5 59.Qc8 Nxd6  0-1

[Event "25th Panevezys Open"]
[Site "Panevezys LTU"]
[Date "2012.08.16"]
[Round "5.3"]
[White "Milasevicius,J"]
[Black "Paulauskaite,G"]
[Result "0-1"]
[WhiteElo "1934"]
[BlackElo "2053"]

1.Nf3 Nf6 2.c4 g6 3.d4 Bg7 4.Nc3 O-O 5.e4 d6 6.Be2 Nc6 7.O-O e5 8.dxe5 dxe5
9.Qxd8 Nxd8 10.Bg5 c6 11.Rfd1 Ne6 12.Bh4 Re8 13.Rd2 Nc5 14.Bxf6 Bxf6 15.h3 a5
16.Rad1 Be6 17.b3 h6 18.Kf1 Bg7 19.Ne1 f5 20.Bf3 Bf7 21.g3 a4 22.Nd3 Ne6
23.Nxa4 Nd4 24.Kg2 Nxf3 25.Kxf3 fxe4+ 26.Kxe4 Bxc4 27.Nb6 Bd5+ 28.Nxd5 cxd5+
29.Kxd5 e4 30.Nc5 Bc3 31.Nxe4 Red8+ 32.Nd6 Bxd2 33.Rxd2 Rxd6+  0-1

[Event "LBV Open A 2012"]
[Site "Roosendaal NED"]
[Date "2012.08.16"]
[Round "1.7"]
[White "Werle,J"]
[Black "Von Meijenfeldt,Bart"]
[Result "0-1"]
[WhiteElo "2533"]
[BlackElo "2151"]

1.d4 Nf6 2.c4 g6 3.Nc3 Bg7 4.e4 d6 5.Nf3 O-O 6.Be2 e5 7.O-O Nc6 8.d5 Ne7
9.b4 Nh5 10.Re1 f5 11.Ng5 Nf6 12.f3 h6 13.Ne6 Bxe6 14.dxe6 c6 15.Qd2 Qc7
16.Bd1 Rad8 17.Qe3 b6 18.Bb3 Qc8 19.c5 bxc5 20.bxc5 d5 21.Qe2 Qxe6 22.Qa6 Rd7
23.Bb2 fxe4 24.fxe4 Kh7 25.Rad1 Qg4 26.exd5 Nfxd5 27.h3 Qh4 28.Ne4 Nf4 29.Qa5 Rxd1
30.Bxd1 Nd3  0-1

[Event "LBV Open A 2012"]
[Site "Roosendaal NED"]
[Date "2012.08.17"]
[Round "3.18"]
[White "L'Ami,Alina"]
[Black "Von Meijenfeldt,Bart"]
[Result "1-0"]
[WhiteElo "2372"]
[BlackElo "2151"]

1.d4 Nf6 2.c4 g6 3.Nc3 Bg7 4.e4 d6 5.Nf3 O-O 6.Be2 e5 7.O-O Nc6 8.d5 Ne7
9.b4 Nh5 10.Re1 f5 11.Ng5 Nf6 12.f3 c6 13.Be3 h6 14.Ne6 Bxe6 15.dxe6 Qc7
16.b5 Rfd8 17.Qa4 Qc8 18.bxc6 bxc6 19.Rab1 Qxe6 20.Rb7 Rd7 21.Qa6 fxe4 22.fxe4 Nh5
23.Nd5 Nxd5 24.cxd5 cxd5 25.exd5 Qe7 26.Reb1 Nf4 27.Bg4 Rxb7 28.Qxb7 Re8
29.Bd7 Kh7 30.Bxe8 Qxe8 31.Qxa7 Qc8 32.Rb7  1-0

[Event "14th Sants Open A"]
[Site "Barcelona ESP"]
[Date "2012.08.18"]
[Round "2.19"]
[White "Oms Pallisse,J"]
[Black "Salazar,Au"]
[Result "1-0"]
[WhiteElo "2461"]
[BlackElo "2228"]

1.Nf3 Nf6 2.c4 g6 3.Nc3 Bg7 4.e4 d6 5.d4 O-O 6.Be2 e5 7.O-O Nc6 8.Be3 Ng4
9.Bg5 f6 10.Bc1 exd4 11.Nxd4 Nxd4 12.Qxd4 f5 13.Qd5+ Kh8 14.Bxg4 c6 15.Qd3 fxg4
16.Be3 Be5 17.Bd4 Be6 18.Rad1 Qh4 19.Bxe5+ dxe5 20.b3 Rf6 21.Qe3 Raf8 22.Qxa7 g5
23.Qc5 Kg8 24.Qe3 Bc8 25.Qg3 Qh6 26.Rd2 Qg7 27.Rfd1 Qe7 28.Qd3 Rh6 29.Ne2 Re6
30.Nc3 Rh6  1-0

[Event "2nd Metropolitan International Playoff"]
[Site "Los Angeles USA"]
[Date "2012.08.18"]
[Round "1"]
[White "Gareev,T"]
[Black "Aldama Degurnay,D"]
[Result "1/2-1/2"]
[WhiteElo "2658"]
[BlackElo "2425"]

1.d4 Nf6 2.c4 g6 3.Nc3 Bg7 4.e4 d6 5.Be2 O-O 6.Nf3 e5 7.O-O Nc6 8.d5 Ne7
9.Bd2 Ne8 10.Rc1 f5 11.exf5 gxf5 12.Qb3 b6 13.g3 Ng6 14.Ng5 Kh8 15.Qc2 Qe7
16.f4 e4 17.Nd1 Bd7 18.Ne3 c5 19.dxc6 Bxc6 20.Bc3 Nc7 21.Rcd1 Rad8 22.Bxg7+ Qxg7
23.Rd2 h6 24.Nh3 d5 25.cxd5 Nxd5 26.Nxf5 Rxf5 27.Qxc6 e3 28.Rd3 Rdf8 29.Rxd5 Ne7
30.Qe6 Nxd5 31.Bd3 Nxf4 32.Nxf4 Rxf4 33.Rxf4 Rxf4 34.Qe8+ Rf8 35.Qxe3 Rd8
36.Kh1 Qf6 37.Qe4 Qg7 38.a4 a5 39.b3 Rb8 40.Bc4 Rd8 41.Kg2 Qb2+ 42.Kh3 Qf6
43.Qg4 Rf8 44.Bd3 Re8 45.Bf5 Rf8 46.Be4 Qg5 47.Qe6 Qh5+ 48.Kg2 Qe2+ 49.Kh3  1/2-1/2

[Event "EY Girls U18 2012"]
[Site "Prague CZE"]
[Date "2012.08.18"]
[Round "2.11"]
[White "Malikova,Ulviyya"]
[Black "Schulz,A2"]
[Result "0-1"]
[WhiteElo "1810"]
[BlackElo "2108"]

1.d4 Nf6 2.c4 g6 3.Nc3 Bg7 4.e4 d6 5.Nf3 O-O 6.Be2 e5 7.O-O Nc6 8.h3 exd4
9.Nxd4 Nd7 10.Be3 Nb6 11.Nxc6 bxc6 12.Bd4 c5 13.Bxg7 Kxg7 14.b3 Be6 15.Qd2 Qe7
16.Rad1 Rad8 17.Nd5 Bxd5 18.exd5 Qf6 19.f4 Rfe8 20.Bd3 Re7 21.Qf2 Rde8 22.Rd2 Re3
23.Re2 Qd4 24.Rxe3 Rxe3 25.Bb1 f6 26.Kh1 Nd7 27.g3 Qc3 28.Kh2 f5 29.Rg1 Nf6
30.Rg2 Nh5 31.Bc2 Nxg3 32.Rxg3 Rxg3 33.Qxg3 Qxc2+ 34.Qg2 Qxg2+ 35.Kxg2 h6
36.h4 Kf6 37.Kf3 Ke7 38.Kg3 Kf6 39.Kf3 Kf7 40.Kg3 Ke7 41.Kg2 Kf6 42.Kf3 g5
43.hxg5+ hxg5 44.fxg5+ Kxg5 45.Kg3 f4+ 46.Kf3 Kf5 47.a3 a5 48.a4 Ke5  0-1

[Event "EY Boys U16 2012"]
[Site "Prague CZE"]
[Date "2012.08.18"]
[Round "2.25"]
[White "Oliver,Martin"]
[Black "Ivekovic,Bo2"]
[Result "0-1"]
[WhiteElo "1838"]
[BlackElo "2200"]

1.d4 Nf6 2.c4 g6 3.Nc3 Bg7 4.e4 d6 5.Be2 O-O 6.Nf3 e5 7.O-O Nc6 8.d5 Ne7
9.Ne1 Nd7 10.Nd3 f5 11.Bd2 Nf6 12.f3 f4 13.c5 g5 14.Rc1 Ng6 15.cxd6 cxd6
16.Nb5 Rf7 17.Qc2 Ne8 18.a4 h5 19.Nf2 Bf8 20.h3 Rg7 21.Qb3 Nf6 22.Rc2 a6
23.Na3 Nh4 24.Be1 Bd7 25.a5 Rb8 26.Nc4 g4 27.hxg4 hxg4 28.fxg4 Nh5 29.Nh1 Bxg4
30.Bxg4 Rxg4 31.Qh3 Qg5 32.Bxh4 Rxh4 33.Qe6+ Kh7 34.Nxd6 Ng7 35.Qd7 Qh6 36.Nf7 Rxh1+
37.Kf2 Qh4+ 38.Ke2 Rxf1 39.Kxf1 Bb4 40.Qh3 Qxh3 41.gxh3 Bxa5 42.Nxe5 Re8
43.Ng4 Nh5 44.e5 Kg6 45.Kf2 Kf5 46.Kf3 Rd8 47.d6 Ng7 48.Rg2 Rh8 49.Rh2 Ne6
50.Rh1 Rc8 51.Re1 Bxe1  0-1

[Event "14th Sants Open A"]
[Site "Barcelona ESP"]
[Date "2012.08.19"]
[Round "3.4"]
[White "Rakhmanov,Ale"]
[Black "Stokke,K"]
[Result "1-0"]
[WhiteElo "2588"]
[BlackElo "2390"]

1.d4 Nf6 2.c4 g6 3.Nc3 Bg7 4.e4 O-O 5.Nf3 d6 6.Be2 e5 7.O-O Nc6 8.d5 Ne7
9.Nd2 a5 10.a3 Bd7 11.b3 Nc8 12.Rb1 Nb6 13.Qc2 Qe7 14.b4 axb4 15.axb4 Na4
16.Nxa4 Bxa4 17.Qd3 c6 18.Nb3 cxd5 19.cxd5 h5 20.Bg5 Qd7 21.Nd2 Rfc8 22.Rfc1 Rxc1+
23.Rxc1 Rc8 24.Nb1 Rxc1+ 25.Bxc1 Qc8 26.Qc3 Qd7 27.Qc4 Ne8 28.Nc3 f5 29.exf5 Bc2
30.fxg6 Bxg6 31.Be3 Qf5 32.h3 Nf6 33.b5 e4 34.Qc7 Qe5 35.b6 Ne8 36.Qxb7 Qxc3
37.Qc6 Qb2 38.Qb5 Qa1+ 39.Bf1 Bd4 40.b7 Bxe3 41.fxe3  1-0

[Event "11th Lichtenberger Sommer 2012"]
[Site "Berlin GER"]
[Date "2012.08.19"]
[Round "2.31"]
[White "Rohde,W"]
[Black "Koenig,Fr"]
[Result "1-0"]
[WhiteElo "2185"]
[BlackElo "1949"]

1.d4 Nf6 2.Nf3 g6 3.c4 Bg7 4.Nc3 d6 5.e4 O-O 6.Be2 e5 7.O-O Nc6 8.d5 Ne7
9.Ne1 Nd7 10.Nd3 f5 11.Rb1 Nf6 12.f3 f4 13.b4 g5 14.c5 Rf7 15.Bd2 Bf8 16.Nf2 h5
17.h3 Rg7 18.Be1 Ng6 19.cxd6 Bxd6 20.Na4 b6 21.Nb2 Nh8 22.Nc4 Nf7 23.Rb3 Nh6
24.Qc2 Bd7 25.Rc3 g4 26.Nxd6 cxd6 27.fxg4 hxg4 28.hxg4 Nhxg4 29.Nxg4 Nxg4
30.Bxg4 Bxg4 31.Qf2 Rh7 32.Bd2 Qg5 33.Bxf4 Qh5 34.Qg3 Rf8 35.Rcf3 exf4 36.Rxf4 Rxf4
37.Rxf4 Rg7 38.Qf2 Bh3 39.g3 Bg4 40.Rf8+ Kh7 41.Qf4 Qh3 42.Rf7 Qh6 43.Qxh6+ Kxh6
44.Rf6+ Rg6 45.Rf7 a6 46.Kf2 Kg5 47.Ke3 Rf6 48.Rg7+ Kh5 49.Rh7+ Kg6 50.Rb7 b5
51.Rb6 Bc8 52.Kd4 Kg7 53.Rc6 Bb7 54.Rc3 Rf8 55.e5 Rc8 56.Rxc8 dxe5+ 57.Kxe5 Bxc8
58.Kd6 Bb7 59.Kc5 Kf6 60.d6 Kf7 61.Kb6  1-0

[Event "2nd Isthmia Open A"]
[Site "Korinthia GRE"]
[Date "2012.08.19"]
[Round "2.21"]
[White "Nikolaidis,K"]
[Black "Giannoulakis,Labros"]
[Result "1-0"]
[WhiteElo "2279"]
[BlackElo "1729"]

1.d4 Nf6 2.c4 g6 3.Nc3 Bg7 4.e4 d6 5.Nf3 O-O 6.Be2 e5 7.O-O Nc6 8.d5 Ne7
9.b4 Nd7 10.a4 f5 11.Nd2 f4 12.Ba3 b6 13.Bg4 h5 14.Be6+ Kh8 15.Qe2 Nf6 16.Bxc8 Nxc8
17.c5 g5 18.Rfc1 g4 19.f3 Bh6 20.cxd6 Nxd6 21.Nb5 Nxb5 22.Qxb5 Rg8 23.Kh1 h4
24.Qc6 Rc8 25.Bb2 Rg5 26.Qe6 Bg7 27.Bxe5 Nh5 28.Qh6+ Kg8 29.Bxg7 Nxg7 30.Rc6 Rh5
31.Qxf4 h3 32.gxh3 Rxh3 33.Qxg4 Rh4 34.Qg3 Kf8 35.Rg1  1-0

[Event "2nd Isthmia Open A"]
[Site "Korinthia GRE"]
[Date "2012.08.19"]
[Round "2.6"]
[White "Nikolaidis,I"]
[Black "Filippas,S"]
[Result "1-0"]
[WhiteElo "2562"]
[BlackElo "2268"]

1.c4 Nf6 2.Nc3 g6 3.e4 d6 4.d4 Bg7 5.Nf3 O-O 6.Be2 e5 7.O-O Nc6 8.d5 Ne7
9.Nd2 a5 10.a3 Nd7 11.Rb1 f5 12.b4 Nf6 13.c5 axb4 14.axb4 Bh6 15.Bf3 Bxd2
16.Bxd2 f4 17.Ra1 Rxa1 18.Qxa1 g5 19.Be2 g4 20.Bd3 Ng6 21.Qa5 b6 22.cxb6 cxb6
23.Qa7 Bd7 24.Ra1 Ne7 25.Rc1 Nc8 26.Qa6 g3 27.fxg3 fxg3 28.hxg3 Nh5 29.Ne2 Qf6
30.Be3 Qg6 31.Qb7 Bg4 32.Rf1 Rxf1+ 33.Kxf1 Bxe2+ 34.Bxe2 Nxg3+ 35.Ke1 Qe8
36.Bg4 Ne7 37.Be6+ Kh8 38.Bg5 Qf8 39.Qb8 Ng8 40.Qb7  1-0

[Event "EY Boys U14 2012"]
[Site "Prague CZE"]
[Date "2012.08.19"]
[Round "3.27"]
[White "Sirosh,Ilja"]
[Black "Bahmatsiy,V"]
[Result "0-1"]
[WhiteElo "1889"]
[BlackElo "2101"]

1.Nf3 Nf6 2.c4 g6 3.Nc3 Bg7 4.e4 d6 5.d4 O-O 6.Be2 e5 7.O-O Nc6 8.d5 Ne7
9.a4 c5 10.dxc6 bxc6 11.Qc2 Qc7 12.Ne1 Be6 13.Na2 Rfc8 14.b4 Qb7 15.Ba3 d5
16.f3 dxe4 17.fxe4 c5 18.bxc5 Qxe4 19.Qxe4 Nxe4 20.Bf3 f5 21.Bxe4 fxe4 22.Rc1 Nf5
23.Rc3 Bh6 24.Bc1 e3 25.g4 Nd4 26.Kg2 Ne2  0-1

[Event "2nd Split Open 2012"]
[Site "Split CRO"]
[Date "2012.08.19"]
[Round "9.35"]
[White "Glavan,M"]
[Black "Houska,Ji"]
[Result "0-1"]
[WhiteElo "1940"]
[BlackElo "2183"]

1.c4 g6 2.Nc3 Bg7 3.d4 Nf6 4.e4 d6 5.Nf3 O-O 6.Be2 e5 7.O-O Nc6 8.d5 Ne7
9.b4 Ne8 10.Nd2 f5 11.a4 Nf6 12.f3 f4 13.c5 g5 14.Nc4 Ng6 15.Ba3 Rf7 16.b5 dxc5
17.Bxc5 h5 18.a5 g4 19.Bf2 Bf8 20.b6 g3 21.hxg3 fxg3 22.Bxg3 h4 23.Bf2 Nh5
24.Ne3 Ng3 25.Re1 Nf4 26.Bf1 Bc5 27.bxc7 Qg5 28.Qc2 h3 29.Bxg3 Qxg3 30.Na4 Bd4
31.Rad1 hxg2 32.Bxg2 Rg7 33.Qf2 Bh3 34.Kf1 Qxf2+ 35.Kxf2 Rxg2+ 36.Kf1 Rd2+
37.Kg1  0-1

[Event "2nd Split Open 2012"]
[Site "Split CRO"]
[Date "2012.08.19"]
[Round "9.46"]
[White "Fernandez Quintero,J"]
[Black "Trajber,D"]
[Result "1-0"]
[WhiteElo "1961"]
[BlackElo "2100"]

1.d4 Nf6 2.c4 g6 3.Nc3 Bg7 4.e4 d6 5.Be2 O-O 6.Nf3 e5 7.O-O Nc6 8.dxe5 dxe5
9.Bg5 Qe8 10.Qd2 Bg4 11.h3 Rd8 12.Qc1 Bxf3 13.Bxf3 Nd4 14.Nd5 Nxd5 15.cxd5 Rc8
16.Qc5 Qd7 17.Bd1 c6 18.d6 Ne6 19.Qe3 Qxd6 20.Bg4 f5 21.Rfd1 Nd4 22.exf5 gxf5
23.Bh5 h6 24.Bh4 Rc7 25.f4 exf4 26.Qd3 Qd5 27.Bf2 Rd7 28.Rac1 b5 29.Qa3 f3
30.Bxf3 Nxf3+ 31.gxf3 Qxd1+ 32.Rxd1 Rxd1+ 33.Kg2 Rd2 34.Kf1 Rxb2 35.Qxa7 Rd8
36.Qc7 Rd1+ 37.Be1 Rbb1 38.Qc8+ Kf7 39.Qxf5+ Ke7 40.Qe4+ Kd7 41.Qg4+ Kd6
42.Qxg7 Rxe1+ 43.Kf2 Re6 44.Qd4+ Ke7 45.Qc5+ Rd6 46.Qe5+ Re6 47.Qg7+ Kd8
48.Qg8+ Kd7 49.Qh7+  1-0

[Event "12th World Uni Women"]
[Site "Guimaraes POR"]
[Date "2012.08.20"]
[Round "2.5"]
[White "Anu,B"]
[Black "Severiukhina,Z"]
[Result "0-1"]
[WhiteElo "2036"]
[BlackElo "2352"]

1.d4 Nf6 2.c4 g6 3.Nc3 Bg7 4.e4 d6 5.Nf3 O-O 6.Be2 e5 7.O-O Nc6 8.d5 Ne7
9.Nd2 Nd7 10.Rb1 a5 11.a3 f5 12.b4 b6 13.Nb3 Nf6 14.f3 f4 15.c5 g5 16.cxd6 cxd6
17.bxa5 bxa5 18.a4 Rf7 19.Nb5 Ng6 20.Bd2 g4 21.Qe1 g3 22.hxg3 Nh5 23.gxf4 Ngxf4
24.Bxf4 Nxf4 25.g3 Bh6 26.gxf4 Bxf4 27.Kh1 Qf6 28.Rg1+ Kh8 29.Rg2 Qh6+ 30.Kg1 Be3+  0-1

[Event "87th ch-FRA 2012"]
[Site "Pau FRA"]
[Date "2012.08.20"]
[Round "7"]
[White "Maze,S"]
[Black "Bacrot,E"]
[Result "1/2-1/2"]
[WhiteElo "2573"]
[BlackElo "2713"]

1.d4 Nf6 2.c4 g6 3.Nc3 Bg7 4.e4 d6 5.Nf3 O-O 6.Be2 e5 7.O-O Nc6 8.d5 Ne7
9.b4 Ne8 10.c5 f5 11.Nd2 Nf6 12.f3 f4 13.Nc4 g5 14.g4 h5 15.h3 Ng6 16.Kf2 Rf7
17.a4 Bf8 18.Ba3 Rh7 19.Rh1 Be7 20.Qb3 Kg7 21.Raf1 Qh8 22.Rhg1 hxg4 23.hxg4 Rh2+
24.Ke1 Qh3 25.cxd6 Bxd6 26.b5 Bxa3 27.Qxa3 b6 28.Nxe5 Nxe5 29.Qe7+ Nf7 30.e5 Nxg4
31.e6 Qh4+ 32.Kd2 Ne5 33.exf7 Nxf7 34.Ne4 g4 35.Qxh4 Rxh4 36.fxg4 Bb7 37.Nc3 Ng5
38.Rg2 Rf8 39.Rgf2 f3 40.Bxf3 Nxf3+ 41.Rxf3 Rxf3 42.Rxf3 Rxg4 43.Ke3 a6 44.Rf4 Rxf4
45.Kxf4 axb5 46.Nxb5 Bxd5 47.Nxc7 Bb3 48.Na8 Bxa4 49.Nxb6  1/2-1/2

[Event "14th Sants Open A"]
[Site "Barcelona ESP"]
[Date "2012.08.21"]
[Round "5.5"]
[White "Oms Pallisse,J"]
[Black "Nisipeanu,LD"]
[Result "0-1"]
[WhiteElo "2461"]
[BlackElo "2648"]

1.d4 Nf6 2.c4 g6 3.Nc3 Bg7 4.e4 d6 5.Be2 O-O 6.Nf3 e5 7.O-O Nc6 8.Be3 Ng4
9.Bg5 f6 10.Bc1 Nxd4 11.Nxd4 exd4 12.Qxd4 f5 13.Qd5+ Kh8 14.Bxg4 c6 15.Qd3 fxg4
16.Be3 Be5 17.Bd4 Be6 18.Rad1 Qh4 19.Bxe5+ dxe5 20.b3 Qg5 21.Qd6 Rae8 22.Qc5 a6
23.Rd6 Kg7 24.Qb6 Rf7 25.Na4 Bc8 26.Rfd1 Ref8 27.Rd8 Rxf2 28.Qxf2 Rxd8 29.Rf1 Qe7
30.Qe3 Qd6 31.Nc3 Qd4 32.Re1 b5 33.cxb5 axb5 34.Kf2 Rf8+ 35.Kg3 h5 36.Nd1 Qd8
37.h4 gxh3 38.gxh3 Rf4 39.Nf2 Qe7 40.Kg2 c5 41.Rc1 Qg5+ 42.Qg3 Qf6 43.Rxc5 Bxh3+
44.Kg1 Rf3 45.Qh2 Qg5+ 46.Kh1 Rg3 47.Rc7+ Kh6  0-1

[Event "11th Lichtenberger Sommer 2012"]
[Site "Berlin GER"]
[Date "2012.08.22"]
[Round "5.46"]
[White "Schulz,Har"]
[Black "Sauermann,A"]
[Result "1-0"]
[WhiteElo "2081"]
[BlackElo "1933"]

1.d4 Nf6 2.Nf3 g6 3.c4 Bg7 4.Nc3 d6 5.e4 O-O 6.Be2 e5 7.O-O Nc6 8.d5 Ne7
9.Ne1 Nd7 10.Rb1 f5 11.Bf3 Nf6 12.g3 fxe4 13.Nxe4 Nxe4 14.Bxe4 Bh3 15.Ng2 Nf5
16.Qd3 Nd4 17.f3 Bf5 18.Bd2 Qd7 19.Rbe1 Rf7 20.Bc3 Raf8 21.Bxd4 exd4 22.Nf4 Bxe4
23.Qxe4 c5 24.Ne6 Rb8 25.b3 b5 26.cxb5 Qxb5 27.f4 a5 28.f5 gxf5 29.Rxf5 Rxf5
30.Qxf5 Qe8 31.Re4 Qg6 32.Nxg7  1-0

[Event "11th Lichtenberger Sommer 2012"]
[Site "Berlin GER"]
[Date "2012.08.22"]
[Round "5.21"]
[White "Simon,Ra"]
[Black "Heerde,Thomas"]
[Result "1-0"]
[WhiteElo "2153"]
[BlackElo "1969"]

1.c4 Nf6 2.Nc3 g6 3.e4 d6 4.d4 Bg7 5.Nf3 O-O 6.Be2 e5 7.O-O Nc6 8.d5 Ne7
9.Ne1 Nd7 10.Be3 f5 11.f3 Nf6 12.c5 Kh8 13.Nd3 Neg8 14.Qd2 Bd7 15.b4 f4 16.Bf2 h5
17.Nb2 Rf7 18.cxd6 cxd6 19.Rfc1 g5 20.Nc4 Bf8 21.Na5 Be8 22.Kh1 g4 23.Qe1 Bh6
24.Rc2 Bg5 25.Bb5 Rh7 26.Bxe8 Qxe8 27.Bh4 Bxh4 28.Qxh4 Rc8 29.Rac1 Rhc7 30.Qf2 Qd7
31.Kg1 Qg7 32.Kf1 g3 33.Qg1 gxh2 34.Qxh2 Qg5 35.Ke2 h4 36.Kd3 Nh5 37.Nb5 Rxc2
38.Rxc2 Rxc2 39.Kxc2 Qe7 40.Nc4 a6 41.Nbxd6 Nh6 42.Qh3 b5 43.Qc8+ Kh7 44.Nf5 Qf6
45.Qc7+ Qf7 46.Qxf7+ Nxf7 47.Ncd6 Nxd6 48.Nxd6 Ng7 49.Nf7 Nf5 50.exf5 e4
51.fxe4 f3 52.Ng5+  1-0

[Event "12th ch-Euro Seniors"]
[Site "Kaunas LTU"]
[Date "2012.08.22"]
[Round "5.29"]
[White "Nordby,B"]
[Black "Petraitis,G"]
[Result "1-0"]
[WhiteElo "2150"]
[BlackElo "1948"]

1.d4 Nf6 2.Nf3 g6 3.c4 Bg7 4.Nc3 O-O 5.e4 d6 6.Be2 e5 7.O-O Nc6 8.d5 Ne7
9.Ne1 Nd7 10.f3 f5 11.g4 Nf6 12.Nd3 c5 13.a3 Bd7 14.Rb1 Qc8 15.Nf2 Kh8 16.Kg2 h6
17.h3 h5 18.g5 Ne8 19.Bd2 Nc7 20.b4 b6 21.Qb3 Rb8 22.Rb2 Na6 23.Nb5 Bxb5
24.cxb5 Nc7 25.a4 Qb7 26.Bc4 a6 27.bxc5 axb5 28.axb5 bxc5 29.Ra1 Ra8 30.Rxa8 Rxa8
31.b6 Ne8 32.Qb5 Kg8 33.Ra2 Kf7 34.Rxa8 Qxa8 35.b7 Qb8 36.Ba5 f4 37.Qd7 Kf8
38.Bb5  1-0

[Event "EY Boys U16 2012"]
[Site "Prague CZE"]
[Date "2012.08.22"]
[Round "6.35"]
[White "Jozefek,M"]
[Black "Lekic,L"]
[Result "0-1"]
[WhiteElo "2081"]
[BlackElo "1972"]

1.d4 Nf6 2.c4 g6 3.Nc3 Bg7 4.e4 d6 5.Be2 O-O 6.Nf3 e5 7.O-O Nc6 8.d5 Ne7
9.Ne1 Nd7 10.Nd3 f5 11.Bd2 Nf6 12.f3 f4 13.c5 g5 14.cxd6 cxd6 15.Nf2 Ng6
16.a4 Rf7 17.Nb5 Bf8 18.Rc1 h5 19.Qc2 Ne8 20.Qb3 Rg7 21.Rc2 Nh4 22.h3 Nf6
23.Rfc1 g4 24.hxg4 hxg4 25.Nc7 g3 26.Ng4 Nxg4 27.Nxa8 Nxg2 28.Bf1 N4e3 29.Bxe3 Nxe3
30.Bg2 Qh4 31.Qxe3 fxe3 32.Rxc8 e2  0-1